| 000 | 00380nam a22001577a 4500 | ||
|---|---|---|---|
| 003 | JO-AjAnu | ||
| 005 | 20241016121351.0 | ||
| 008 | 241016b jo ||||| |||| 00| 0 ara d | ||
| 040 | _cJO-AjAnu | ||
| 041 | _aENG | ||
| 245 |
_aHIGH ON OFFICE DESIGN/ _cRALF DAAB |
||
| 260 |
_aSPAIN _bboog puplishing _c2020 |
||
| 300 | _a331page | ||
| 650 | 7 | 0 |
_adesign _966241 |
| 942 |
_2lcc _cBK _n0 |
||
| 999 |
_c33723 _d33723 |
||